Reexamen de la duración del tiempo de trabajo (Registro nro. 22617)
[ vista simple ]
| 000 -LEADER | |
|---|---|
| fixed length control field | 00353 a2200109 4500 |
| 001 - CONTROL NUMBER | |
| control field | ART_4742 |
| 005 - DATE AND TIME OF LATEST TRANSACTION | |
| control field | 20260410161824.0 |
| 008 - FIXED-LENGTH DATA ELEMENTS--GENERAL INFORMATION | |
| fixed length control field | 260409a |
| 100 1# - MAIN ENTRY--PERSONAL NAME | |
| Personal name | Podetti, Humbero A. |
| 245 10 - TITLE STATEMENT | |
| Title | Reexamen de la duración del tiempo de trabajo |
| 773 0# - HOST ITEM ENTRY | |
| Title | Revista de trabajo |
| Related parts | Tiempo de trabajo - Año 1, Nº 2 (may./jun. 1994) |
| Record control number | REV4713 |
No hay ítems disponibles.